Ilustrace osobního prožitku

Bibliographic Details
Main Authors: Stehlíková, Blanka (Author), Bednářová, Eva (Author), Slabý, Zdeněk Karel, 1930-2020 (Author)
Format: Article
Language:Czech

MARC

LEADER 00000nab a2200000uu 4500
001 vtls011506386
003 SK-MaSNL
005 20260304030235.0
008 250310|1970 xo |||||||||||||||||cze|
015 |a SNBRB 
035 |a (urnnbn)urn:nbn:sk:snk:ar-a0avxf 
035 |a (uuid)0634f3a1-0917-4140-9e4f-5cede93b1a6d 
035 |a urn:nbn:sk:snk-abdzl0 
040 |a SNKBUCL  |b slo  |c SNKBUCL  |e AACR2 
041 0 |a cze 
044 |a xo  |c SK 
100 1 |a Stehlíková, Blanka  |4 aut  |9 394050 
245 1 0 |a Ilustrace osobního prožitku  |c Blanka Stehlíková, Eva Bednářová, Z. K. Slabý 
700 1 |a Bednářová, Eva  |4 aut  |9 268251 
700 1 |a Slabý, Zdeněk Karel,  |d 1930-2020  |4 aut  |9 99413 
773 0 |t Zlatý máj : kritická revue tvorby pro mládež  |g Roč. 14, č. 3 (1970), s. 169-174 
958 |a OND 
958 |a article20 
999 |c 2632845  |d 2634775